Omša Pánova večera rozhovory s mladými

Podrobná bibliografia
Hlavný autor: Gasparino, Andrea, 1923-2010 (Autor)
Ďalší autori: Černá, Zuzana (Prekladateľ)
Médium: Kniha
Jazyk:slovenčina
taliančina
Fyzický popis:172 s. 20 cm
Vydavateľské údaje: Bratislava Don Bosco 2005
ISBN:8080740275
Vydanie:[1. vyd.]
Predmet:

MARC

LEADER 00000nam a2200000 a 4500
001 vtls008626495
003 SK-MaSNL
005 20260302092341.0
008 240314s2006 xo g 000 0 slo
015 |a SNBA2006/12-05734 
020 |a 8080740275  |q (brož.) 
035 |a 64E01B53-E347-42DA-9D46-969AA1AE954B 
035 |a urn:nbn:sk:snk-amje63 
035 |a urn:nbn:sk:snk-am0012hv 
040 |a SNK  |b slo  |c SNK  |e AACR2 
041 1 |a slo  |h ita 
044 |a slo  |c SK 
072 7 |a 27  |x Kresťanstvo. Kresťanská cirkev všeobecne. Ekleziológia  |2 konspekt 
080 |a 272-549  |2 2001 
080 |a 272-1/-9  |2 2001 
080 |a 27-528  |2 2001 
080 |a (0:82-4)  |2 2001 
080 |a (042.3)  |2 2001 
100 1 |a Gasparino, Andrea,  |d 1923-2010  |4 aut  |9 65681 
240 1 0 |a La Messa cena del Signore  |l Slovensky 
245 1 0 |a Omša Pánova večera  |b rozhovory s mladými  |c Andrea Gasparino ; [preklad: Zuzana Černá] 
250 |a [1. vyd.] 
260 |a Bratislava  |b Don Bosco  |c 2005 
300 |a 172 s.  |c 20 cm 
650 0 7 |a omša  |2 SNKPH  |9 84370 
650 0 7 |a eucharistia  |2 SNKPH  |9 796 
650 0 7 |a učenie katolíckej cirkvi  |2 SNKPH  |9 64342 
650 0 7 |a kresťanská liturgia  |2 SNKPH  |9 49882 
655 7 |a úvahy  |2 SNKPH  |9 29403 
655 7 |a prednášky  |2 SNKPH  |9 70554 
700 1 |a Černá, Zuzana  |4 trl  |9 26102 
919 |a 80-8074-027-5 
968 |b IT  |d 2 
999 |c 1204368  |d 1206298 
952 |a SNK  |b SNK  |y PREZ  |7 0  |p 17A0499193  |o snkSD 75422  |i snk2006/4224  |8 0  |0 0  |1 0  |4 0  |d 2006-02-27  |l 0  |r 2025-11-24 00:00:00  |w 2026-02-24 
952 |a SNK  |b SNK  |y VYP  |7 0  |p 17A0499194  |o snkSD 75422 D1  |i snk2006/4225  |8 0  |0 0  |1 0  |4 0  |d 2006-02-27  |f 1  |l 0  |r 2017-06-30 00:00:00  |w 2026-02-24